European Countries Containing R - Statistics

General Stats
  • This quiz has been taken 106 times
  • The average score is 23 of 26
Answer Stats
Answer % Correct
Andorra
97%
Norway
97%
France
95%
Austria
93%
Belarus
93%
Germany
93%
Hungary
93%
Ireland
93%
Portugal
93%
Russia
93%
Czech Republic
92%
Greece
92%
Romania
92%
Serbia
92%
Bulgaria
91%
Croatia
91%
Denmark
91%
Netherlands
91%
Switzerland
90%
Ukraine
89%
Montenegro
88%
San Marino
86%
Turkey
86%
Cyprus
85%
Luxembourg
84%
Bosnia and Herzegovina
68%
No matching quizzes found
Score Distribution
Percent of People with Each Score
Percentile by Number Answered
Your Score History
You have not taken this quiz